[Event "CZE-chT U18 Extraliga West 1617"]
[Site "Czech Republic"]
[Date "2016.12.03"]
[Round "5.4"]
[White "Ostry, Michal"]
[Black "Soukup, Jiri1111"]
[Result "1/2-1/2"]
[WhiteElo "1712"]
[BlackElo "1691"]
[PlyCount "69"]
[EventDate "2016.10.01"]
[EventType "team-tourn"]
[EventRounds "11"]
[EventCountry "CZE"]
[SourceTitle "EXT 2022"]
[Source "ChessBase"]
[SourceDate "2021.10.06"]
[SourceVersion "1"]
[SourceVersionDate "2021.10.06"]
[SourceQuality "1"]
[WhiteTeam "Praha Kobylisy U18"]
[BlackTeam "Bustehrad U18"]
[WhiteTeamCountry "CZE"]
[BlackTeamCountry "CZE"]

1. e4 e6 2. d4 d5 3. exd5 exd5 4. Nf3 Bd6 5. Bd3 Bg4 6. 0-0 Ne7 7. Bg5 Nd7 8. c3 c6 9. Nbd2 f6 10. Bh4 Bf5 11. Qc2 Bxd3 12. Qxd3 Qc7 13. Rfe1 0-0 14. Bg3 Bxg3 15. fxg3 Rae8 16. Nh4 Qb6 17. Re6 Ne5 18. Qc2 N7g6 19. Rxe8 Rxe8 20. Nxg6 Nxg6 21. Nf3 Qa6 22. Kf2 Kf7 23. a4 Re4 24. b4 Qb6 25. a5 Qb5 26. Re1 Rxe1 27. Kxe1 b6 28. axb6 axb6 29. h4 h6 30. Kf2 Ne7 31. Nd2 Qa6 32. Nf3 Qc4 33. Nd2 Qa6 34. Nf3 Qa3 35. Nd2 1/2-1/2

[Event "CZE-chT U18 Extraliga West 1617"]
[Site "Czech Republic"]
[Date "2016.10.01"]
[Round "2.4"]
[White "Hradecky, Ondrej"]
[Black "Ostry, Michal"]
[Result "1/2-1/2"]
[WhiteElo "1704"]
[BlackElo "1712"]
[PlyCount "137"]
[EventDate "2016.10.01"]
[EventType "team-tourn"]
[EventRounds "11"]
[EventCountry "CZE"]
[SourceTitle "EXT 2022"]
[Source "ChessBase"]
[SourceDate "2021.10.06"]
[SourceVersion "1"]
[SourceVersionDate "2021.10.06"]
[SourceQuality "1"]
[WhiteTeam "Liberec Desko U18"]
[BlackTeam "Praha Kobylisy U18"]
[WhiteTeamCountry "CZE"]
[BlackTeamCountry "CZE"]

1. e4 c5 2. Nc3 Nc6 3. g3 g6 4. Bg2 Bg7 5. f4 d6 6. d3 e6 7. Nf3 Nge7 8. 0-0 Rb8 9. g4 f5 10. h3 b5 11. Rb1 0-0 12. Be3 b4 13. Ne2 Qa5 14. Nc1 Nd4 15. Nxd4 Bxd4 16. Bxd4 cxd4 17. Nb3 Qb6 18. gxf5 exf5 19. Qe2 Bb7 20. Qf2 Nc6 21. exf5 Rxf5 22. Bxc6 Qxc6 23. Kh2 Rxf4 24. Qe2 Re8 25. Qd2 Rxf1 26. Rxf1 Qd5 27. Qf2 Qe5+ 28. Qg3 Rf8 29. Rxf8+ Kxf8 30. Qxe5 dxe5 31. Nc5 Bc8 32. Kg3 Ke7 33. h4 a5 34. Nb3 a4 35. Nc5 Be6 36. b3 axb3 37. axb3 Bc8 38. Ne4 h6 39. Nc5 Kf6 40. Ne4+ Ke6 41. Nc5+ Ke7 42. Ne4 Kf8 43. Nf6 g5 44. hxg5 hxg5 45. Nh7+ Kg7 46. Nxg5 Bb7 47. Nf3 Kg6 48. Ng1 Kf5 49. Ne2 Bc6 50. Kf2 Bd5 51. Nc1 e4 52. Ke2 e3 53. Na2 Kf4 54. Nxb4 Bf3+ 55. Ke1 Bb7 56. Na2 Kf3 57. Nc1 Kf4 58. b4 Ke5 59. Nb3 Kd5 60. Na5 Bc8 61. Nb3 Bd7 62. Na5 Ba4 63. Kd1 Kd6 64. Nb7+ Kc6 65. Nc5 Kb5 66. Ne6 Kxb4 67. Nxd4 Kc3 68. Ne2+ Kb2 69. Nd4 1/2-1/2

[Event "Klatovy op-B 22nd"]
[Site "Klatovy"]
[Date "2016.07.09"]
[Round "8"]
[White "Ostry, Michal"]
[Black "Mejzr, Jan"]
[Result "0-1"]
[WhiteElo "1644"]
[BlackElo "1853"]
[PlyCount "80"]
[EventDate "2016.07.02"]
[EventType "swiss"]
[EventRounds "9"]
[EventCountry "CZE"]
[SourceTitle "EXT 2019"]
[Source "ChessBase"]
[SourceDate "2018.10.10"]
[SourceVersion "1"]
[SourceVersionDate "2018.10.10"]
[SourceQuality "1"]

1. e4 e5 2. Nf3 Nc6 3. Bb5 a6 4. Ba4 Nf6 5. 0-0 Nxe4 6. Re1 Nc5 7. Nxe5 Be7 8. Bxc6 dxc6 9. d3 0-0 10. Bf4 Ne6 11. Bg3 f5 12. h3 f4 13. Bh2 Bf6 14. Nc3 Bxe5 15. Rxe5 f3 16. Bg3 fxg2 17. Ne4 Nd4 18. Kxg2 Nf3 19. Ra5 b6 20. Ra3 Qd7 21. Qh1 c5 22. c4 Bb7 23. Qc1 Rae8 24. Qe3 Qf5 25. Rc3 Rxe4 26. dxe4 Bxe4 27. Kf1 Rd8 28. Qf4 Qxh3+ 29. Ke2 Qe6 30. Rxf3 Bxf3+ 31. Kxf3 Rf8 32. Qxf8+ Kxf8 33. Rd1 Qxc4 34. Rd8+ Ke7 35. Rc8 Qd5+ 36. Kf4 g5+ 37. Kg4 Qe6+ 38. Kxg5 Qxc8 39. Kh6 Qf5 40. Bxc7 Qg6# 0-1

[Event "CZE-chT U18 Extraliga West 1516"]
[Site "Czech Republic"]
[Date "2015.11.28"]
[Round "5.3"]
[White "Kadlec, Daniel"]
[Black "Ostry, Michal"]
[Result "1/2-1/2"]
[WhiteElo "1731"]
[BlackElo "1609"]
[PlyCount "93"]
[EventDate "2015.10.03"]
[EventType "team-tourn"]
[EventRounds "11"]
[EventCountry "CZE"]
[SourceTitle "EXT 2022"]
[Source "ChessBase"]
[SourceDate "2021.10.06"]
[SourceVersion "1"]
[SourceVersionDate "2021.10.06"]
[SourceQuality "1"]
[WhiteTeam "Most Chess U18"]
[BlackTeam "Praha Kobylisy U18"]
[WhiteTeamCountry "CZE"]
[BlackTeamCountry "CZE"]

1. e4 c5 2. Nf3 d6 3. d4 cxd4 4. Nxd4 Nf6 5. Nc3 g6 6. Bc4 Bg7 7. Bb3 0-0 8. 0-0 Nc6 9. Re1 a6 10. Qd3 Bd7 11. h3 b5 12. f4 Na5 13. Bxf7+ Rxf7 14. e5 Rf8 15. exf6 Bxf6 16. Nd5 e5 17. fxe5 Bxe5 18. Bh6 Qh4 19. Rxe5 dxe5 20. Bxf8 Rxf8 21. Nf3 Qd8 22. Ne3 Bf5 23. Nxf5 Qxd3 24. Ne7+ Kf7 25. Nxe5+ Kxe7 26. Nxd3 Kd6 27. Rd1 Nc4 28. b3 Ne3 29. Rd2 Rf1+ 30. Kh2 a5 31. Kg3 Rd1 32. Rxd1 Nxd1 33. Kf4 Nc3 34. a3 Nb1 35. a4 bxa4 36. bxa4 Nc3 37. Kg5 Nxa4 38. Kh6 Nc5 39. Nb2 Ne6 40. Nc4+ Kc5 41. Nxa5 Nf4 42. Kxh7 Nxg2 43. Kh6 Kb4 44. Nc6+ Kc3 45. Ne5 Nf4 46. h4 Ng2 47. Nxg6 1/2-1/2